000 01042nam a2200301 a 4500
999 _c484421
_d484421
003 BLK
005 20250331125029.0
008 221206b bul|||||r ||||||| ||bul||
010 _aKNG00178363000
020 _a9789542622222
040 _aBLK
041 _aBUL
_cBUL
080 _aБългарска литература
_b821.163.2
_x-31
_z821.163.2-31
100 1 _aЗарев, Владимир Пантелеев
_eпърви автор
_gПантев, Владимир Пантелеев
_9277642
139 _aЗарев, Владимир
_bЗ 34
245 1 0 _aОбъркани в свободата
_bРоман
_cВладимир Пантелеев Зарев.
257 _aBGR
260 _aПловдив
_bХермес
_c2022
300 _a310 с.
_c21 см
380 _aX
852 _aЦб 317520
_bЦб
856 4 _qpdf
_i0.00
_ldisable
856 4 _qpdf
_i0.00
_ldisable
942 _cKNG
_n0
_034
_s1
944 _aCR
_c2022-12-06
_k30552
_lВиолета Тройчева
944 _aED
_kВП
999 _d484421